English Football Derbies #1 - Statistics

General Stats
  • This quiz has been taken 1,084 times
    1,074 since last reset
  • The average score is 14 of 20
Answer Stats
Derby Club % Correct
Merseyside derby Everton
98%
Merseyside derby Liverpool
98%
Tyne-Wear derby Newcastle United
93%
Tyne-Wear derby Sunderland
92%
East Anglian derby Norwich City
88%
East Anglian derby Ipswich Town
85%
Potteries derby Stoke City
85%
Black Country derby Wolverhampton Wanderers
83%
Black Country derby West Bromwich Albion
78%
East Lancashire derby Blackburn Rovers
72%
East Lancashire derby Burnley
68%
Potteries derby Port Vale
66%
Severnside derby Bristol City
62%
Severnside derby Cardiff City
60%
M69 derby Leicester City
53%
M69 derby Coventry City
50%
Dockers derby West Ham United
47%
Dockers derby Millwall
46%
A420 derby Oxford United
33%
A420 derby Swindon Town
32%
No matching quizzes found
Score Distribution
Percent of People with Each Score
Percentile by Number Answered
Your Score History
You have not taken this quiz since the last reset